ASTROWORLD Travis Scott - Statistiken

Allgemein
  • Dieses Quiz wurde 212 mal gespielt
  • Das Durchschnittsergebnis liegt bei 8 aus 15
Antwortstatistiken
Number Antwort % Korrekt
3 SICKO MODE
92%
1 STARGAZING
81%
13 BUTTERFLY EFFECT
68%
7 SKELETONS
65%
10 ASTROTHUNDER
59%
6 NO BYSTANDERS
58%
11 YOSEMITE
55%
12 CANT SAY
53%
2 CAROUSEL
53%
15 CAROUSEL
53%
9 5% TINT
50%
5 STOP TRYING TO BE GOD
47%
8 WAKE UP
38%
14 COFFE BEAN
37%
4 R.I.P SCREW
35%
Keine übereinstimmenden Quizze gefunden
Verteilung der Resultate
Anzahl Personen mit jedem Resultat
Perzentil nach korrekt beantworteten Fragen
Ihre Resultats-Entwicklung
Sie haben dieses Quiz noch nicht gespielt